Statistics for Pi Digits #18 1601-1700

Click here to take the quiz!

General Stats

  • This quiz has been taken 141 times
  • The average score is 12 of 20

Answer Stats

Digits% Correct
06001
100%
81647
100%
61452
80%
49192
70%
11573
60%
13347
60%
14144
60%
16136
60%
17321
60%
19735
60%
52552
60%
72147
60%
72350
60%
07394
50%
14333
50%
33239
50%
43852
50%
49468
50%
57418
50%
68548
50%

Score Distribution

Percentile by Number Answered

Percent of People with Each Score

Your Score History

You have not taken this quiz